[Event "IECG CE.2002.0.00024 email"]
[Site "IECG email"]
[Date "2002.02.20"]
[Round "?"]
[White "Kluge, Klaus"]
[Black "Register, Peter"]
[Result "1-0"]
[WhiteElo "1345"]
[BlackElo "1300"]
[PlyCount "53"]
[EventDate "2002.02.20"]
[EventType "tourn (corr)"]
[EventRounds "6"]
[SourceTitle "Corr 2008"]
[Source "ChessBase"]
[SourceDate "2008.06.24"]
[SourceVersion "1"]
[SourceVersionDate "2008.06.24"]
[SourceQuality "1"]

1. d4 d5 2. c4 c6 3. Nf3 Nf6 4. Qc2 Bg4 5. Ne5 e6 6. cxd5 Qxd5 7. Nxg4 Nxg4 8. e3 Bb4+ 9. Nc3 e5 10. Bd2 Qe6 11. a3 exd4 12. axb4 dxc3 13. bxc3 0-0 14. Bd3 f5 15. Qa2 Qxa2 16. Rxa2 Nd7 17. 0-0 Nge5 18. Bc2 Nc4 19. Bb3 Ndb6 20. Rd1 Rfd8 21. Kf1 Kf7 22. Ke2 Kf6 23. Bc1 Rxd1 24. Kxd1 Rd8+ 25. Ke2 a6 26. h3 g6 27. g4 1-0

[Event "IECG CE.2002.0.00024 email"]
[Site "IECG email"]
[Date "2002.02.20"]
[Round "?"]
[White "Margstahler, Francesco"]
[Black "Register, Peter"]
[Result "1-0"]
[WhiteElo "1244"]
[BlackElo "1300"]
[PlyCount "75"]
[EventDate "2002.02.20"]
[EventType "tourn (corr)"]
[EventRounds "6"]
[SourceTitle "Corr 2008"]
[Source "ChessBase"]
[SourceDate "2008.06.24"]
[SourceVersion "1"]
[SourceVersionDate "2008.06.24"]
[SourceQuality "1"]

1. e4 e6 2. d4 d5 3. e5 c5 4. c3 Qb6 5. Nf3 Nc6 6. a3 Bd7 7. b4 cxd4 8. cxd4 f6 9. Bd3 fxe5 10. dxe5 Rc8 11. Bb2 Nh6 12. 0-0 Be7 13. Nbd2 a6 14. Nb3 0-0 15. Rc1 Nf5 16. Nc5 Bxc5 17. Rxc5 a5 18. Qb1 axb4 19. axb4 Qxb4 20. Rb5 Qa4 21. Rxb7 Nb4 22. Bxf5 Rxf5 23. Bd4 Bb5 24. Ra7 Ba6 25. Qa1 Qxa1 26. Rxa1 Be2 27. Ra8 Rff8 28. Rxc8 Rxc8 29. Ng5 Re8 30. Re1 Bc4 31. Rb1 Nc2 32. Ba7 d4 33. f4 d3 34. Kf2 Bd5 35. Rd1 h6 36. Nf3 Ra8 37. Be3 Ra3 38. Rd2 1-0

[Event "IECG CE.2002.0.00024 email"]
[Site "IECG email"]
[Date "2002.02.20"]
[Round "?"]
[White "Register, Peter"]
[Black "Fischer, Robert"]
[Result "0-1"]
[WhiteElo "1300"]
[BlackElo "1094"]
[PlyCount "78"]
[EventDate "2002.02.20"]
[EventType "tourn (corr)"]
[EventRounds "6"]
[SourceTitle "Corr 2008"]
[Source "ChessBase"]
[SourceDate "2008.06.24"]
[SourceVersion "1"]
[SourceVersionDate "2008.06.24"]
[SourceQuality "1"]

1. e4 e5 2. Nf3 Nc6 3. Bb5 Nf6 4. 0-0 d6 5. d4 Bd7 6. Re1 exd4 7. Nxd4 Nxd4 8. Bxd7+ Qxd7 9. Qxd4 Be7 10. Nc3 0-0 11. b3 Rfe8 12. Bb2 a6 13. Nd5 Rad8 14. Rad1 b5 15. Qc3 c6 16. Nxe7+ Rxe7 17. f3 Qc7 18. Qd4 d5 19. Qc5 dxe4 20. Rxd8+ Qxd8 21. Bxf6 gxf6 22. fxe4 Re6 23. Re3 Qd1+ 24. Kf2 Qd2+ 25. Kf1 Qd1+ 26. Re1 Qd2 27. Qf2 Qc3 28. Re3 Qa1+ 29. Ke2 Qe5 30. h4 b4 31. Qg3+ Kf8 32. Kf3 Qh5+ 33. Qg4 Qc5 34. Qf4 f5 35. exf5 Rxe3+ 36. Qxe3 Qxf5+ 37. Qf4 Qc5 38. Qe4 Kg7 39. g4 h6 0-1